| 000 | 00726nam a2200217 i 4500 | ||
|---|---|---|---|
| 001 | 128379 | ||
| 003 | ES-MaACL | ||
| 005 | 20230906193244.0 | ||
| 007 | t| | ||
| 008 | 070509s1943 sp ||||1| spa d | ||
| 080 | _a515(075.8) | ||
| 100 | 1 |
_aTaibo Fernández, Angel. _9109079 |
|
| 245 | 1 | 0 |
_aGeometría descriptiva y sus aplicaciones / _cpor Angel Taibo Fernández. |
| 260 |
_aMadrid : _bEscuela Especial de Ingenieros Industriales, _c1943. |
||
| 300 |
_a2 v. : _bil. ; _c25 cm. |
||
| 500 | _aEs el v. 1º y 2º. | ||
| 650 | 4 |
_aGeometría descriptiva. _9136182 |
|
| 710 | 2 |
_aEscuela Central de Ingenieros Industriales (Madrid) _93568 |
|
| 852 |
_aES-MaACL _jC-35153-4 _bR.67664 |
||
| 852 |
_aES-MaACL _jP-921 _bR.19894 |
||
| 999 |
_c128379 _d128379 |
||